Outline of Andhra Pradesh agriculture; (Record no. 79965)
[ view plain ]
| 000 -LEADER | |
|---|---|
| fixed length control field | 01026cam a22002771 4500 |
| 001 - CONTROL NUMBER | |
| control field | sa 68004089 |
| 003 - CONTROL NUMBER IDENTIFIER | |
| control field | DLC |
| 005 - DATE AND TIME OF LATEST TRANSACTION | |
| control field | 20260227112459.0 |
| 008 - FIXED-LENGTH DATA ELEMENTS--GENERAL INFORMATION | |
| fixed length control field | 711020s1962 ii ab b 00010 eng |
| 010 ## - LIBRARY OF CONGRESS CONTROL NUMBER | |
| LC control number | sa 68004089 //r85 |
| 025 ## - OVERSEAS ACQUISITION NUMBER | |
| Overseas acquisition number | PL480:I-F-Fr-1 |
| 041 0# - LANGUAGE CODE | |
| Language code of text/sound track or separate title | engfre |
| 043 ## - GEOGRAPHIC AREA CODE | |
| Geographic area code | a-ii--- |
| 050 0# - LIBRARY OF CONGRESS CALL NUMBER | |
| Classification number | Q2 |
| Item number | .I485 t. 4, fasc. 1 |
| 100 10 - MAIN ENTRY--PERSONAL NAME | |
| Personal name | Sastry, C. P., |
| Dates associated with a name | 1927- |
| 245 10 - TITLE STATEMENT | |
| Title | Outline of Andhra Pradesh agriculture; |
| Remainder of title | aperçu de l'agriculture en Andhra Pradesh |
| Statement of responsibility, etc. | [by] C. P. Sastry & M. Viart. |
| 260 0# - PUBLICATION, DISTRIBUTION, ETC. | |
| Place of publication, distribution, etc. | Pondichéry, |
| Name of publisher, distributor, etc. | Imprimerie de la Mission, |
| Date of publication, distribution, etc. | 1962. |
| 300 ## - PHYSICAL DESCRIPTION | |
| Extent | vi, 62 p. |
| Other physical details | illus., map. |
| Dimensions | 24 cm. |
| 490 1# - SERIES STATEMENT | |
| Series statement | Institut français de Pondichéry. Travaux de la section scientifique et technique, t. 4, fasc. 1 |
| 500 ## - GENERAL NOTE | |
| General note | English and French. |
| 504 ## - BIBLIOGRAPHY, ETC. NOTE | |
| Bibliography, etc. note | Bibliography: p. 61-62. |
| 650 #0 - SUBJECT ADDED ENTRY--TOPICAL TERM | |
| Topical term or geographic name entry element | Agriculture |
| Geographic subdivision | India |
| -- | Andhra Pradesh. |
| 700 10 - ADDED ENTRY--PERSONAL NAME | |
| Personal name | Viart, M., |
| Relator term | joint author. |
| 740 #1 - ADDED ENTRY--UNCONTROLLED RELATED/ANALYTICAL TITLE | |
| Uncontrolled related/analytical title | Aperçu de l'agriculture en Andhra Pradesh. |
| 830 #0 - SERIES ADDED ENTRY--UNIFORM TITLE | |
| Uniform title | Travaux de la Section scientifique et technique ; |
| Volume/sequential designation | t. 4. |
No items available.